แสดงรายละเอียดบรรณานุกรม
  กลับหน้าหลัก

Brief Record : Get Marc (ISO 2709) : E-mail record : QR code ปิดหน้าต่าง
หนังสืออ้างอิง : เกี่ยวกับ Collections
LEADER 00000nama 2200000uu 4500
008    040531s|||| th m m a000 0 tha d
041    tha
050    อ W2.JT3 ส691ร 2548
100    กรมควบคุมโรค.
245    รายงานประจำปี 2548 กรมควบคุมโรค/กรมควบคุมโรค.
260    2548. กรมควบคุมโรค. [นนทบุรี].
300    66 หน้า.
600    I.กรมควบคุมโรค.
650    1.โรคติดต่อ--การป้องกันและควบคุม--รายงานประจำปี 2.กรมควบคุมโรค--รายงานประจำปี
995    002
999    ^aใช้งานได้ทุกระบบ
รายการนี้ยังไม่มีแท็ก
คุณยังไม่ได้ล็อกอิน คุณสามารถมีกิจกรรมร่วมกับเว็บไซต์ได้ แต่ต้องล็อกอินก่อน ::
  ล็อกอิน
ลำดับที่ ประเภท เลขเรียก สถานที่ สถานะ
1. หนังสืออ้างอิง
หนังสืออ้างอิง
อ W2.JT3 ส691ร 2548  
  
ชั้นหนังสืออ้างอิง On Shelf
   [แสดง 1/1 รายการ]

รายการใกล้เคียง
    ผู้แต่ง [กรมควบคุมโรค.]

BibComment


ยังไม่เคยถูกคอมเมนท์

คอมเมนท์ทรัพยากรรายการนี้
  คอมเมนท์: รายงานประจำปี 254..
Bib 196701

 
 
 

 Union Library Management : ULibM
Copyright 2026. All Rights Reserved.
скачать бесплатно без регистрации порно красивый секс HD Sex Hindi sex

xxx gou

xxxx

bfxxx

xxxwww

Секса Видео

xxxx

Секса Видео

detube

geilexxx

C99 Shell

worms shell

blod xxx video
Ebony Coed Rihanna Rimes Takes A Dick In Her Young Twat priyaa indian fuck anal and pusssy hardcore indian women xxx desi hardcore fucking part 1 bengalixxxcouple